书目信息 |
| 题名: |
药物分析与质量控制
|
|
| 作者: | 郑一美 主编 | |
| 分册: | ||
| 出版信息: | 北京 化学工业出版社 2017.9 |
|
| 页数: | 326页 | |
| 开本: | 26cm | |
| 丛书名: | ||
| 单 册: | ||
| 中图分类: | R917 , R927.11 | |
| 科图分类: | ||
| 主题词: | 药物分析--高等职业教育--教材 , 药物--质量控制--高等职业教育--教材 | |
| 电子资源: | ||
| ISBN: | 978-7-122-21339-6 | |
| 000 | 01175nam0 2200277 450 | |
| 001 | 0400003855 | |
| 005 | 20171026103319.29 | |
| 010 | @a978-7-122-21339-6@dCNY39.80 | |
| 100 | @a20171022d2017 em y0chiy ea | |
| 101 | 0 | @achi |
| 102 | @aCN@b110000 | |
| 105 | @aa z 000yy | |
| 106 | @ar | |
| 200 | 1 | @a药物分析与质量控制@9yao wu fen xi yu zhi liang kong zhi@f郑一美主编 |
| 205 | @a第2版 | |
| 210 | @a北京@c化学工业出版社@d2017.9 | |
| 215 | @a326页@c图@d26cm | |
| 300 | @a“十二五”职业教育国家规划教材 | |
| 330 | @a本书根据课程对应的核心岗位的工作要求,以药品质量控制和检验程序为出发点,以《中国药典》(2010年版)为主要参考资料,通过代表性药物的分析方法和技术,阐述了原辅料及制剂的鉴别、检查及含量测定等质量控制方面的内容,并作为教材首次介绍了原辅料的供应商资质审计、成品出厂放行质量审计和药用辅料的质量控制等内容。着重体现了药物质量控制(QC)和质量管理(QA)岗位所要求的专业知识、操作技能和工作规范。 | |
| 606 | 0 | @a药物分析@x高等职业教育@j教材 |
| 606 | 0 | @a药物@x质量控制@x高等职业教育@j教材 |
| 690 | @aR917@v5 | |
| 690 | @aR927.11@v5 | |
| 701 | 0 | @a郑一美@9zheng yi mei@4主编 |
| 801 | 0 | @aCN@b91MARC@c20171022 |
| 905 | @b1036496-500@dR917@f5@e128=2 | |
| 药物分析与质量控制/郑一美主编.-第2版.-北京:化学工业出版社,2017.9 |
| 326页:图;26cm |
| “十二五”职业教育国家规划教材 |
| ISBN 978-7-122-21339-6:CNY39.80 |
| 本书根据课程对应的核心岗位的工作要求,以药品质量控制和检验程序为出发点,以《中国药典》(2010年版)为主要参考资料,通过代表性药物的分析方法和技术,阐述了原辅料及制剂的鉴别、检查及含量测定等质量控制方面的内容,并作为教材首次介绍了原辅料的供应商资质审计、成品出厂放行质量审计和药用辅料的质量控制等内容。着重体现了药物质量控制(QC)和质量管理(QA)岗位所要求的专业知识、操作技能和工作规范。 |
| ● |
| 相关链接 |
|
|
|
|
正题名:药物分析与质量控制
索取号:R917/128=2
 
预约/预借
| 序号 | 登录号 | 条形码 | 馆藏地/架位号 | 状态 | 备注 |
| 1 | 1036496 | 210364960 | 第二样本阅览室/ [索取号:R917/128=2] | 在馆 | |
| 2 | 1036497 | 210364979 | 密集书库-生命科学系/ [索取号:R917/128=2] | 在馆 | |
| 3 | 1036498 | 210364988 | 第三借阅区/ [索取号:R917/128=2] | 在馆 | |
| 4 | 1036499 | 210364997 | 第三借阅区/ [索取号:R917/128=2] | 在馆 | |
| 5 | 1036500 | 210365004 | 第三借阅区/ [索取号:R917/128=2] | 在馆 |